000 00643cam a22002053a 4500
001 34307
003 PGUSA
005 20140828083735.0
008 101113s2010||||xxu|||||s|||||000 | eng d
040 _aPGUSA
_beng
042 _adc
100 1 _aTerman, Lewis Madison,
_d1877-1956
245 1 0 _aCondensed Guide for the Stanford Revision of the Binet-Simon Intelligence Tests
_h[electronic resource] /
_cLewis Madison Terman
260 _bProject Gutenberg,
_c2010
506 _aPublic domain in the USA.
516 _aElectronic text
830 0 _aProject Gutenberg
_v34307
856 4 0 _uhttp://www.gutenberg.org/ebooks/34307
942 _cEB
999 _c263562
_d263562